Missing Word: Lit's Opening Lines Quiz Stats

Quiz Updated Oct 14, 2016

Challenge
Share
Tweet
Embed
Score 0/16 Timer 03:00
5 Plays Today
Opening sentence Missing word % Correct
It was the best of times, it was the ______ of times.worst
90.5%
All ______, except one, grow up.children
87.7%
It was ______ at first sight. The first time Yossarian saw the chaplain he fell madly in love with him.love
87.1%
In a hole in the ground there lived a ______.hobbit
83.5%
These two very old ______ are the mother and father of Mr. Bucket.people
79.7%
When he was nearly thirteen, my ______ Jem got his arm badly broken at the elbow.'brother
79.4%
It is a truth universally acknowledged, that a single man in possession of a good fortune, must be in want of a ____.wife
67%
Mr and Mrs Dursley, of number four Privet Drive, were proud to say that they were perfectly ______, thank you very much.normal
60.3%
Opening sentence Missing word % Correct
Somewhere in La ______, in a place whose name I do not care to remember, a gentleman lived not long ago, one of those who has a lance and ancient shield.Mancha
53.2%
Marley was ______: to begin with.dead
50.4%
Once there were four children whose names were Peter, Susan, Edmund and ____.Lucy
44.2%
Here is Edward the ______, coming downstairs now, bump, bump, bump on the back of his head, behind Christopher Robin.Bear
43%
Happy families are all alike; every unhappy family is _____ in its own way.unhappy
35.8%
It was a bright cold day in April, and the clocks were striking ______.thirteen
35.7%
All this ______, more or less. happened
23.3%
The Nellie, a cruising yawl, swung to her ______ without a flutter of the sails, and was at rest.anchor
5.6%

Today's Daily Dose

You're not logged in!

Compare scores with friends on all Sporcle quizzes.
Join for Free
OR
Log In

You Might Also Like...

Show Comments

Extras

Top Quizzes Today


Score Distribution

Your Account Isn't Verified!

In order to create a playlist on Sporcle, you need to verify the email address you used during registration. Go to your Sporcle Settings to finish the process.

Report this User

Report this user for behavior that violates our Community Guidelines.

Details: